000 00785nam a2200229 i 4500
001 184092
003 ES-MaACL
005 20230906222043.0
008 150313s1943 sp |||| |bspa d
080 _a929 González, Fernán, Conde de Castilla
100 1 _aPérez de Urbel, Justo.
_990812
245 1 0 _aFernán González /
_cFray Justo Pérez de Urbel.
260 _aMadrid :
_bAtlas,
_c1943.
300 _a158 p. ;
_c20 cm.
490 1 _aVidas ;
_v3
597 _aCon sello de: Biblioteca D.P. Educación Nacional, Madrid.
598 _aColección de biografías... bajo la dir. de Joaquín Arrarás.
600 1 7 _aGonzález, Fernán
_cConde de Castilla.
_9156558
830 0 _aVidas ;
_v3
_9192031
852 _aES-MaACL
_jE-15489
_z. - enc. hol.
999 _c184092
_d184092